000 00697nam a2200205Ia 4500
008 191130s2004##################000#0#eng##
020 _a9780714685106
040 _aACL
_cACL
082 _a940.5349742 RED
100 _aRedžić, Enver
245 _aBosnia and Herzegovina in the second world war
_cEnver Redžić
260 _aLondon ; Portland, OR
_bFrank Cass
_c2004
300 _axi, 250 s. ; 24 cm
650 _aBosnia and Hercegovina -- History -- 1918-1945
650 _aMuslims -- Bosnia and Hercegovina -- History -- 20th century
650 _aWorld War, 1939-1945 -- Bosnia and Hercegovina
990 _a5cfe9eebac10000c241195a741272886
991 _a175562
999 _c247425
_d247425